000 00309nam a22001217a 4500
020 _a8126503548
082 _222
_a621.3845
100 _aMallick, Martyn.
245 _aMobile and wireless design essentials /
260 _bWiley Publisher,
_cc2013.
300 _axxiv, 454p. ;
_bill. ;
_c23 cm.
942 _2ddc
_cEE
999 _c1084
_d1084